000 01061cam a22003377a 4500
003 CHAP
005 20220817041708.0
008 971013s1994 r 00010 d
010 _a21778
011 _a22750
035 _a26845
040 _cCHAP
082 _a632.93
_bF3 v.27p
110 _aFAO
245 1 0 _aTropical soybean
_b: improvement and production
260 _aRome :
_bFAO,
_c1994
300 _a254 p.
_b: ilus.
490 0 _aFAO. Producción y protección vegetal
_v; 27p
590 _aBATCH-UPD
_b10
_c20130110
_lUCH01
_h1604
590 _aBATCH-UPD
_b10
_c20130410
_lUCH01
_h1001
590 _aBATCH-UPD
_b10
_c20130914
_lUCH01
_h1428
590 _aCONVERSION
_b10
_c20130109
_lUCH01
_h1313
650 1 4 _aSoya
_xEnfermedades.
_9109044
650 1 4 _aSoya
_xMejoramiento.
_9109069
650 1 4 _aSoya
_xRendimiento.
_9109084
650 1 4 _aSoya
_xTrópicos.
_9109094
830 0 _aFAO. Producción y protección vegetal
_v; 27p
_939654
901 _aBK
942 _cLIBRO
949 _a632.93 F3 v.27p
_bBC
_cFAO
_d33724000396578
_eFAO1
_h87462
_i26845
_si
999 _c21778
_d21778